| 000 | 01001cam a22002654a 4500 | ||
|---|---|---|---|
| 005 | 20150126093725.0 | ||
| 008 | 150126s2005 enkad fr 001 0 eng | ||
| 020 | _a0470012188 | ||
| 020 | _a9780470012185 | ||
| 040 |
_aCO-BoUCM _bspa _cJose A. Gerena _dJose A. Gerena |
||
| 041 | 0 | _aeng | |
| 100 | 1 |
_aGeman, Hélyette _966688 |
|
| 245 | 1 | 0 |
_aCommodities and commodity derivatives _bmodelling and pricing for agriculturals, metals, and energy _cHelyette Geman |
| 260 |
_aWest Sussex (Inglaterra) _bJohn Wiley & Sons _c2005 |
||
| 300 |
_axvii, 396 páginas _bilustraciones, cuadros, gráficas |
||
| 504 | _aIncluye referencias bibliográficas e índices | ||
| 650 | 7 |
_aPrecios _922165 |
|
| 650 | 7 |
_aProducción _922424 _xPrecios |
|
| 650 | 7 |
_aMaterias primas _xPrecios _966689 |
|
| 650 | 7 |
_aMetales _919400 _xPrecios |
|
| 650 | 7 |
_aPrecios agrícolas _922167 |
|
| 690 |
_942796 _aEconomía del trabajo |
||
| 942 |
_2DEWEY _a7 _cLIBRO _e1 _h338.52 _mG322 |
||
| 999 |
_c297812 _d297812 |
||